Top 20 Words Ending in TH - Statistics

General Stats
  • This quiz has been taken 384 times
  • The average score is 8 of 20
Answer Stats
rank letters word % Correct
20 4 bath
79%
2 4 both
67%
1 4 with
67%
15 4 path
64%
5 5 death
50%
14 5 worth
44%
7 5 north
42%
6 5 south
41%
17 5 birth
39%
19 6 breath
39%
9 5 earth
39%
10 5 mouth
38%
3 5 month
36%
4 6 health
33%
16 5 youth
33%
11 5 truth
28%
8 6 growth
27%
12 6 length
26%
18 5 faith
16%
13 7 strength
13%
No matching quizzes found
Score Distribution
Percent of People with Each Score
Percentile by Number Answered
Your Score History
You have not taken this quiz